000 01164nam a22002417a 4500
999 _c169402
_d169402
005 20191119105919.0
010 _aB-730927
020 _c450.00
_a9789380234588
035 _aB-730927
037 _bडी.बी.ए.डी./ उपहार
082 _a821.08
100 _aदेवधर, सुनील केशव
245 _aबड़े अनमोल गीतों के बोल /
_cसुनील केशव देवधर
260 _bबुकमार्ग पब्लिकेशन्स
_c2017
_aपुणे
270 _aवर्षा पराग पिपले, 16, सर्वदर्शन, नल स्टॉप, कर्बे रोड
_bपुणे, महाराष्ट्र
_e411004
300 1 _a222पृ.
_c24सेमी (सजिल्द)
_bसचित्र
650 _aHindi Novel
650 _aहिन्दी कथा साहित्य
700 _927483
700 _954344
942 _adpl
_cHN
_2ddc
_mदेवध
_h821.08